[Event "19th Russian Team Championship"]
[Site "Sochi (Loo)"]
[Date "2012.04.12"]
[Round "4"]
[White "Morozevich, Alexander"]
[Black "Caruana, Fabiano"]
[Result "1/2-1/2"]
[WhiteElo "2765"]
[BlackElo "2767"]
[PlyCount "253"]
[EventDate "2012.04.09"]

1. d4 Nf6 2. c4 g6 3. Nc3 d5 4. Nf3 Bg7 5. Qb3 dxc4 6. Qxc4 O-O 7. e4 a6 8. Be2
b5 9. Qb3 c5 10. dxc5 Be6 11. Qc2 Nbd7 12. Be3 Rc8 13. Rd1 b4 14. Nd5 Bxd5 15.
exd5 Nxc5 16. O-O Nce4 17. Qb1 Nd6 18. Rfe1 Qa5 19. Nd4 Qxd5 20. Bf3 Qe5 21.
Nc6 Rxc6 22. Bxc6 Ng4 23. g3 Qh5 24. h4 Nxe3 25. Rxe3 Qc5 26. Be4 Qb6 27. a4
Rc8 28. Re2 Bf6 29. Rc1 Rxc1+ 30. Qxc1 Qd4 31. Bf3 Kg7 32. Kg2 h5 33. Qc6 Qd3
34. Qd5 Qc4 35. Qxc4 Nxc4 36. b3 Na5 37. Re4 Nxb3 38. Rxb4 Nd4 39. Rc4 e6 40.
Be4 a5 41. f3 Nb3 42. Bc2 Nd4 43. Bd3 Nb3 44. Bc2 Nd4 45. Be4 Nb3 46. Rc7 Bd8
47. Rd7 Bf6 48. Bc2 Nd4 49. Bd3 Nb3 50. Bc4 Nc5 51. Rc7 Bd4 52. Bb5 Kf8 53. g4
hxg4 54. fxg4 Ne4 55. Rc4 e5 56. Rc8+ Kg7 57. Rc7 Nd6 58. Bc6 Kf6 59. Bd5 Bb2
60. Kf3 Ba3 61. g5+ Kg7 62. Kg4 Kf8 63. h5 gxh5+ 64. Kxh5 Bb4 65. Rd7 Ke8 66.
Bc6 Kf8 67. Ra7 Nf5 68. Bd5 Nd6 69. Rc7 Ba3 70. Rc3 Bb4 71. Re3 Ne8 72. Rf3 Nd6
73. Re3 Ne8 74. Rxe5 f6 75. Re2 fxg5 76. Kxg5 Nc7 77. Bc6 Kf7 78. Kf5 Bc3 79.
Bb5 Bb4 80. Bc4+ Kf8 81. Re5 Kg7 82. Ba2 Kf8 83. Re2 Na6 84. Kg6 Nc7 85. Bf7
Bc5 86. Rc2 Bd6 87. Kf6 Be7+ 88. Kg6 Bd6 89. Re2 Bc5 90. Bc4 Bb4 91. Re5 Ne8
92. Bb5 Nd6 93. Bc6 Bc3 94. Re3 Bb2 95. Bd7 Bc1 96. Re5 Bd2 97. Bh3 Bb4 98. Re3
Nc4 99. Re2 Nb6 100. Bf5 Nd5 101. Re5 Ne7+ 102. Kg5 Bd2+ 103. Kg4 Kf7 104. Be4
Kf6 105. Rb5 Ke6 106. Kf3 Kf6 107. Ke2 Bb4 108. Kd3 Nc8 109. Kd4 Nd6 110. Rb6
Ke6 111. Bg2 Ke7 112. Kd5 Nf5 113. Rb7+ Kd8 114. Bh3 Ne3+ 115. Kc6 Nc4 116.
Rd7+ Ke8 117. Rd4 Ne5+ 118. Kc7 Bc3 119. Rd6 Ke7 120. Re6+ Kf7 121. Kd6 Ng6
122. Re3 Bb4+ 123. Kc6 Kf6 124. Kb5 Ne5 125. Rb3 Bd2 126. Ka6 Ke7 127. Rb6
1/2-1/2

[Event "19th Russian Team Championship"]
[Site "Sochi (Loo)"]
[Date "2012.04.12"]
[Round "4"]
[White "Wang, Hao"]
[Black "Tomashevsky, Evgeny"]
[Result "1/2-1/2"]
[WhiteElo "2733"]
[BlackElo "2736"]
[PlyCount "231"]
[EventDate "2012.04.09"]

1. e4 e5 2. Nf3 Nc6 3. d4 exd4 4. Nxd4 Bc5 5. Nxc6 Qf6 6. Qf3 bxc6 7. Qg3 d6 8.
Nc3 Qg6 9. Bd2 Qxg3 10. hxg3 Ne7 11. f3 Ng6 12. Rh5 Bd4 13. O-O-O h6 14. Na4
Bf2 15. g4 f6 16. Kb1 Be6 17. Be2 Ne5 18. b3 O-O 19. Rhh1 Rab8 20. Rhf1 Bb6 21.
Rde1 Bd4 22. c3 Bb6 23. f4 Nd7 24. Bf3 Bf7 25. e5 fxe5 26. Bxc6 Rbd8 27. Kc1
Be8 28. Nxb6 cxb6 29. Bd5+ Bf7 30. Be4 Rc8 31. Bf5 Rc7 32. Kb2 Re8 33. c4 Nc5
34. fxe5 dxe5 35. g5 hxg5 36. Bxg5 e4 37. Re3 Be6 38. Bxe4 Nxe4 39. Rxe4 Bf7
40. Rfe1 Rxe4 41. Rxe4 Rc6 42. Re2 Be6 43. Rf2 a6 44. Be7 Rc7 45. Bd8 Rc6 46.
Be7 Rc7 47. Bd8 Rc6 48. a4 Bd7 49. Ka3 g6 50. Kb4 Bf5 51. Bg5 Kg7 52. Re2 Be6
53. Rf2 Bf5 54. Rf4 Kg8 55. g3 Kg7 56. g4 Bc8 57. Re4 Be6 58. Rf4 Bc8 59. Re4
Be6 60. Bd8 Kf7 61. Rd4 Ke8 62. g5 Bd7 63. Bf6 Re6 64. Rh4 Bc6 65. Rh7 Be4 66.
Ra7 a5+ 67. Ka3 Bf3 68. Rh7 Be4 69. Kb2 Bf3 70. Bd4 Be4 71. Ra7 Rd6 72. Be3 Kd8
73. Rf7 Rc6 74. Kc3 Kc8 75. Re7 Bf3 76. Rf7 Bd1 77. Rf1 Bg4 78. Rf7 Bd1 79. Bf4
Bf3 80. Be5 Bd1 81. Rf1 Bg4 82. Kd4 Bf5 83. Rh1 Bg4 84. Rh8+ Kb7 85. Rh7+ Kc8
86. Rf7 Bd1 87. Kc3 Bg4 88. Bd4 Bd1 89. Rf1 Bg4 90. Rf6 Kb7 91. Kd2 Bf5 92.
Rf7+ Kc8 93. Be5 Be4 94. Kc3 Bb1 95. Kd4 Bc2 96. Rf3 Kb7 97. Kd5 Rc5+ 98. Ke6
Rc8 99. Kd7 Rc5 100. Ke6 Rc8 101. Kf7 Rd8 102. Rc3 Bf5 103. Rf3 Bc2 104. Kg7
Rd7+ 105. Kh6 Re7 106. Bd4 Re6 107. Rf7+ Kc8 108. Rf3 Rc6 109. Rc3 Bf5 110. Re3
Bc2 111. Bf6 Kb7 112. Re7+ Rc7 113. Re3 Rc6 114. Rc3 Bf5 115. Be7 Rc7 116. Bd6
1/2-1/2

[Event "19th Russian Team Championship"]
[Site "Sochi (Loo)"]
[Date "2012.04.12"]
[Round "4"]
[White "Moiseenko, Alexander"]
[Black "Grachev, Boris"]
[Result "1/2-1/2"]
[WhiteElo "2706"]
[BlackElo "2705"]
[PlyCount "131"]
[EventDate "2012.04.09"]

1. d4 d5 2. c4 c6 3. Nf3 Nf6 4. Nc3 e6 5. Bg5 h6 6. Bh4 dxc4 7. e4 g5 8. Bg3 b5
9. Be2 Bg7 10. O-O O-O 11. a4 a6 12. axb5 cxb5 13. e5 Nh5 14. Nxb5 axb5 15.
Rxa8 Bb7 16. Ra1 Nc6 17. h3 Nxg3 18. fxg3 h5 19. Rf2 f5 20. exf6 Qxf6 21. d5
Nd4 22. dxe6 g4 23. hxg4 hxg4 24. e7 Qxe7 25. Nxd4 Qe3 26. Nf3 gxf3 27. Bxf3
Bd4 28. Qc2 Be4 29. Qxe4 Qxe4 30. Bxe4 Rxf2 31. Kh2 Rxb2 32. Rd1 Bf6 33. Rd6
Kg7 34. Rd7+ Kf8 35. Kh3 c3 36. Kg4 b4 37. Kf5 Be7 38. Rc7 Rf2+ 39. Ke6 Re2 40.
Kd5 Bf6 41. Bg6 Be7 42. Be4 Re3 43. Bc2 Rxg3 44. Kc4 Rxg2 45. Kb3 Rd2 46. Ra7
Kf7 47. Ra6 Rg2 48. Rh6 Rd2 49. Ra6 Bd6 50. Ra1 Ke7 51. Ra2 Ke6 52. Bb1 Rd1 53.
Bc2 Rg1 54. Ra6 Rg2 55. Ra2 Ke5 56. Ra8 Kd5 57. Rd8 Rg7 58. Ra8 Kd4 59. Rd8 Kd5
60. Ra8 Rg1 61. Ra6 Rc1 62. Ra8 Kc5 63. Rc8+ Kb6 64. Rd8 Bc5 65. Rd1 Rxd1 66.
Bxd1 1/2-1/2

[Event "19th Russian Team Championship"]
[Site "Sochi (Loo)"]
[Date "2012.04.12"]
[Round "4"]
[White "Korobov, Anton"]
[Black "Panarin, Mikhail"]
[Result "0-1"]
[WhiteElo "2679"]
[BlackElo "2523"]
[PlyCount "74"]
[EventDate "2012.04.09"]

1. d4 Nf6 2. c4 e6 3. Nc3 Bb4 4. e3 c5 5. Bd3 Nc6 6. Nge2 cxd4 7. exd4 d5 8.
cxd5 Nxd5 9. O-O O-O 10. Bc2 Nf6 11. Bg5 Be7 12. a3 b6 13. Qd3 g6 14. Rad1 Bb7
15. Rfe1 Re8 16. h4 Nd5 17. Qg3 Na5 18. Nxd5 Bxd5 19. Nf4 Rc8 20. Ba4 Bc6 21.
Bxc6 Rxc6 22. d5 Rd6 23. Re4 e5 24. Rxe5 f6 25. Bxf6 Bxf6 26. Rxe8+ Qxe8 27.
Nxg6 Rd7 28. Nf4+ Kh8 29. Ne6 Nc6 30. b4 Qh5 31. Re1 Qxd5 32. Nc7 Be5 33. Nxd5
Bxg3 34. Nf6 Bxf2+ 35. Kxf2 Rf7 36. Re6 Nd4 37. Rd6 Nb5 0-1

[Event "19th Russian Team Championship"]
[Site "Sochi (Loo)"]
[Date "2012.04.12"]
[Round "4"]
[White "Gutov, Andrey"]
[Black "Makarov, Marat"]
[Result "1-0"]
[WhiteElo "2412"]
[BlackElo "2523"]
[PlyCount "111"]
[EventDate "2012.04.09"]

1. d4 Nf6 2. c4 e6 3. Nc3 Bb4 4. e3 c5 5. Nge2 cxd4 6. exd4 d5 7. a3 Bxc3+ 8.
Nxc3 Nc6 9. c5 O-O 10. Bf4 Ne4 11. Bd3 Qf6 12. Be3 Nxc3 13. bxc3 b6 14. Qh5 g6
15. Qh6 bxc5 16. Bg5 Qg7 17. Qh4 f5 18. Bb5 Bd7 19. Bxc6 Bxc6 20. O-O cxd4 21.
cxd4 f4 22. Rfe1 Bd7 23. Re5 f3 24. g4 Rac8 25. Rae1 Rc4 26. Be7 Rxd4 27. h3
Rdf4 28. Bxf8 Rxf8 29. Qg5 Qf6 30. Qxf6 Rxf6 31. Rc1 Kf8 32. Rc7 Ke7 33. Rxa7
Kd6 34. Re3 h5 35. gxh5 gxh5 36. a4 d4 37. Rb3 Bc6 38. Rb8 e5 39. Rd8+ Kc5 40.
Ra5+ Kc4 41. Rxe5 Bxa4 42. Re4 Bc6 43. Rexd4+ Kc5 44. Rh4 Rg6+ 45. Kf1 Rg5 46.
Rh8 Bb5+ 47. Ke1 Re5+ 48. Kd1 Be8 49. Rf4 Bc6 50. Rc8 Kb5 51. Kd2 Re6 52. Kc3
Re1 53. Rf5+ Ka4 54. Rb8 Rc1+ 55. Kd2 Rc4 56. Rf7 1-0

[Event "19th Russian Team Championship"]
[Site "Sochi (Loo)"]
[Date "2012.04.12"]
[Round "4"]
[White "Zontakh, Andrey"]
[Black "Skatchkov, Pavel"]
[Result "1-0"]
[WhiteElo "2556"]
[BlackElo "2486"]
[PlyCount "111"]
[EventDate "2012.04.09"]

1. c4 e6 2. Nf3 d5 3. g3 Nf6 4. d4 dxc4 5. Bg2 Nc6 6. Qa4 Bb4+ 7. Bd2 Nd5 8.
Bxb4 Ndxb4 9. O-O Rb8 10. Nc3 a6 11. Ne5 O-O 12. Bxc6 Nxc6 13. Nxc6 bxc6 14.
Qxc4 Qd6 15. b3 Rb4 16. Ne4 Rxc4 17. Nxd6 Rxd4 18. Nc4 Rfd8 19. Rfc1 g6 20. f4
Bd7 21. Kf2 Be8 22. Rc2 Kg7 23. Rac1 h6 24. Ne5 a5 25. Rc4 g5 26. Ke3 gxf4+ 27.
gxf4 R4d5 28. h4 f6 29. Nxc6 Bxc6 30. Rxc6 e5 31. f5 R8d7 32. Rxc7 Rxc7 33.
Rxc7+ Kg8 34. a4 Kf8 35. Rh7 Rd4 36. Rxh6 Kg7 37. Rg6+ Kf7 38. h5 Rb4 39. h6
Rxb3+ 40. Kf2 Rh3 41. e4 Rh1 42. Kg2 Rh4 43. Kg3 Rh1 44. Rg7+ Kf8 45. Ra7 Rxh6
46. Rxa5 Ke7 47. Ra6 Rh1 48. Re6+ Kf7 49. a5 Ra1 50. a6 Kg7 51. Rb6 Ra3+ 52.
Kf2 Ra4 53. Ke3 Ra3+ 54. Kd2 Kh6 55. Rxf6+ Kg5 56. Rd6 1-0

[Event "19th Russian Team Championship"]
[Site "Sochi (Loo)"]
[Date "2012.04.12"]
[Round "4"]
[White "Grishchenko, Sergey"]
[Black "Popov, Ivan"]
[Result "0-1"]
[WhiteElo "2498"]
[BlackElo "2605"]
[PlyCount "82"]
[EventDate "2012.04.09"]

1. d4 d5 2. c4 c6 3. Nc3 Nf6 4. Nf3 a6 5. a4 e6 6. g3 dxc4 7. Bg2 c5 8. dxc5
Qxd1+ 9. Nxd1 Nbd7 10. c6 bxc6 11. O-O Nd5 12. e4 Nb4 13. Bd2 a5 14. Bc3 f6 15.
Ne3 Nb6 16. Nd2 Ba6 17. Bd4 Nd7 18. Rfd1 Bc5 19. Bxc5 Nxc5 20. Ndxc4 Bxc4 21.
Nxc4 Ke7 22. e5 Nd5 23. Rac1 Nb3 24. Rc2 Rhd8 25. Re1 Rab8 26. exf6+ gxf6 27.
Rce2 Nc7 28. Re4 Kf8 29. Rf4 f5 30. Ne5 Nd4 31. Nxc6 Nxc6 32. Bxc6 Rxb2 33. Re5
Rd6 34. Bf3 Rdd2 35. g4 Rxf2 36. gxf5 Nd5 37. Bxd5 Rxf4 38. fxe6 Ke7 39. Rh5
Rg4+ 40. Kf1 Rxa4 41. Rxh7+ Kf6 0-1

[Event "19th Russian Team Championship"]
[Site "Sochi (Loo)"]
[Date "2012.04.12"]
[Round "4"]
[White "Savchenko, Boris"]
[Black "Nakhapetiane, Pogos"]
[Result "1/2-1/2"]
[WhiteElo "2580"]
[BlackElo "2504"]
[PlyCount "70"]
[EventDate "2012.04.09"]

1. c4 e5 2. Nc3 Nf6 3. g3 d5 4. cxd5 Nxd5 5. Bg2 Nb6 6. d3 Be7 7. a3 O-O 8. Nf3
Nc6 9. O-O Be6 10. b4 a5 11. b5 Nd4 12. Nxe5 Bf6 13. f4 Nb3 14. Bb2 Nxa1 15.
Qxa1 Bxe5 16. fxe5 Rb8 17. Ne4 Nd5 18. Qc1 Kh8 19. Ng5 Qd7 20. d4 h6 21. Ne4
Qxb5 22. Nf6 c6 23. Bxd5 cxd5 24. Rf4 Rfc8 25. Qd2 g5 26. Rf3 Rc6 27. g4 Rbc8
28. Rh3 Kg7 29. Rxh6 Kxh6 30. h4 Kg7 31. Qxg5+ Kf8 32. Nh7+ Ke8 33. Nf6+ Kf8
34. Nh7+ Ke8 35. Nf6+ Kf8 1/2-1/2

[Event "19th Russian Team Championship"]
[Site "Sochi (Loo)"]
[Date "2012.04.12"]
[Round "4"]
[White "Khenkin, Igor"]
[Black "Dobrov, Vladimir"]
[Result "1-0"]
[WhiteElo "2632"]
[BlackElo "2492"]
[PlyCount "75"]
[EventDate "2012.04.09"]

1. d4 Nf6 2. c4 e6 3. Nf3 d5 4. e3 a6 5. b3 c5 6. Bb2 Nc6 7. Nbd2 dxc4 8. bxc4
Be7 9. Bd3 O-O 10. O-O Qc7 11. Qe2 Rd8 12. Rad1 b6 13. Ne5 Bb7 14. f4 cxd4 15.
Nxc6 Bxc6 16. exd4 b5 17. f5 bxc4 18. Bxc4 exf5 19. Rxf5 Bd6 20. Rxf6 gxf6 21.
Qg4+ Kh8 22. Qh4 Kg7 23. Bd3 Rh8 24. Rf1 Qd8 25. d5 Be5 26. Bxe5 fxe5 27. Qg3+
Kf8 28. dxc6 Qd4+ 29. Kh1 Ra7 30. Ne4 Rg8 31. Qh3 Rg6 32. Nf6 Rxf6 33. Rxf6 e4
34. Qh6+ Ke7 35. Rf4 Qxd3 36. Qf6+ Kf8 37. Qh8+ Ke7 38. Qe5+ 1-0

[Event "19th Russian Team Championship"]
[Site "Sochi (Loo)"]
[Date "2012.04.12"]
[Round "4"]
[White "Gagarin, Vasilij"]
[Black "Gritsenko, Andrey"]
[Result "0-1"]
[WhiteElo "2378"]
[BlackElo "2401"]
[PlyCount "102"]
[EventDate "2012.04.09"]

1. d4 Nf6 2. c4 e6 3. Nc3 Bb4 4. e3 O-O 5. Bd3 c5 6. Nge2 Nc6 7. O-O b6 8. a3
Bxc3 9. Nxc3 cxd4 10. exd4 d5 11. cxd5 Nxd5 12. Be4 Nce7 13. Bg5 f6 14. Bh4 Bb7
15. Qd3 g6 16. Rfe1 Qd7 17. Rad1 Rac8 18. Ne2 Nf5 19. Bg3 Bc6 20. Qd2 Nde7 21.
f3 Nxg3 22. Nxg3 Ba4 23. Rc1 Rxc1 24. Rxc1 Rd8 25. Ne2 e5 26. Bb1 Kg7 27. Ba2
Bb5 28. Nc3 exd4 29. Nxb5 Qxb5 30. Rc7 Rd7 31. Bc4 Qf5 32. Bd3 Qe6 33. Rc1 Qe3+
34. Qxe3 dxe3 35. Rd1 f5 36. f4 Rd4 37. g3 h6 38. h4 Nd5 39. Be2 Rd2 40. Rxd2
exd2 41. Kf2 Nf6 42. Bf3 Ne4+ 43. Ke2 h5 44. Kd3 Kf6 45. Bd1 Ke6 46. Bb3+ Kd6
47. Ke2 Kc5 48. Ba2 Kd4 49. Bb1 d1=Q+ 50. Kxd1 Ke3 51. Bxe4 fxe4 0-1

[Event "19th Russian Team Championship"]
[Site "Sochi (Loo)"]
[Date "2012.04.12"]
[Round "4"]
[White "Ananikian, Andrey"]
[Black "Sharafiev, Azat"]
[Result "0-1"]
[WhiteElo "2096"]
[BlackElo "2433"]
[PlyCount "52"]
[EventDate "2012.04.09"]

1. e4 c5 2. c4 Nc6 3. Ne2 d6 4. Nbc3 g6 5. d4 cxd4 6. Nxd4 Bg7 7. Nc2 Nf6 8.
Be2 O-O 9. O-O Nd7 10. Be3 Nc5 11. f3 a5 12. Qd2 a4 13. Rfd1 Qa5 14. Rab1 f5
15. exf5 Bxf5 16. g4 Bxc2 17. Qxc2 a3 18. b4 Nxb4 19. Qd2 Nc6 20. Nd5 Bb2 21.
Bh6 Rf7 22. Qg5 Qd8 23. Nf4 Bd4+ 24. Rxd4 Nxd4 25. Nxg6 Nxe2+ 26. Kf2 Ne4+ 0-1